Performances scolaires des élèves sous psychotropes suivis au service d’hygiène mentale d’Abidjan (Côte d’Ivoire) (notice n° 1758676)

détails MARC
000 -LEADER
fixed length control field 02568cam a2200313 4500500
005 - DATE AND TIME OF LATEST TRANSACTION
control field 20260322010715.0
041 ## - LANGUAGE CODE
Language code of text/sound track or separate title fre
042 ## - AUTHENTICATION CODE
Authentication code dc
100 10 - MAIN ENTRY--PERSONAL NAME
Personal name Yeo-Tenena, Yessonguilan
Relator term author
245 00 - TITLE STATEMENT
Title Performances scolaires des élèves sous psychotropes suivis au service d’hygiène mentale d’Abidjan (Côte d’Ivoire)
260 ## - PUBLICATION, DISTRIBUTION, ETC.
Date of publication, distribution, etc. 2013.<br/>
500 ## - GENERAL NOTE
General note 46
520 ## - SUMMARY, ETC.
Summary, etc. De février à novembre 2008, nous avons, réalisé au service d’Hygiène Mentale (SHM) d’Abidjan, une étude transversale à visée descriptive qui avait pour objectif d’apprécier les performances scolaires des élèves présentant des troubles mentaux sous psychotropes. Les résultats en classe étaient mauvais dans 96,30% des cas avec un taux d’échec de 100% aux examens de fin d’année (Baccalauréat et Brevet d’étude du premier cycle) avant la prise en charge au SHM. Au décours du suivi au SHM, on observait une amélioration des performances scolaires avec des résultats de classe qui devenaient bons dans 64,81 % des cas et 55,60% d’admis aux examens de fin d’année. On constatait également une amélioration des résultats scolaires en relation avec la durée de la prise en charge au SHM .
520 ## - SUMMARY, ETC.
Summary, etc. From February to November 2008, we realized with the Division of Mental Hygiene (DMH)- Abidjan, a descriptive cross-sectional study that aimed to assess the school performances of schoolboys who suffered from mental disorders and treated with psychotropic in 96,3% of the cases. The school results were bad before the management of the DMH. We also found that 100 % of the patients failed their final exam (bachelor and first level certificate). After the follow-up, we observed an improvement of their school performances in their classes (64, 81%) 55, 60. % passed their final exams. We notified an improvement of the school performances in relation with the length of the DMH management.
690 ## - LOCAL SUBJECT ADDED ENTRY--TOPICAL TERM (OCLC, RLIN)
Topical term or geographic name as entry element Hygiène Mentale
690 ## - LOCAL SUBJECT ADDED ENTRY--TOPICAL TERM (OCLC, RLIN)
Topical term or geographic name as entry element Psychotropes
690 ## - LOCAL SUBJECT ADDED ENTRY--TOPICAL TERM (OCLC, RLIN)
Topical term or geographic name as entry element Résultats scolaires
690 ## - LOCAL SUBJECT ADDED ENTRY--TOPICAL TERM (OCLC, RLIN)
Topical term or geographic name as entry element Mental hygiene
690 ## - LOCAL SUBJECT ADDED ENTRY--TOPICAL TERM (OCLC, RLIN)
Topical term or geographic name as entry element Psychotropic
690 ## - LOCAL SUBJECT ADDED ENTRY--TOPICAL TERM (OCLC, RLIN)
Topical term or geographic name as entry element School results
700 10 - ADDED ENTRY--PERSONAL NAME
Personal name Koua, Asseman Medard
Relator term author
700 10 - ADDED ENTRY--PERSONAL NAME
Personal name Brou, N’Guessan
Relator term author
700 10 - ADDED ENTRY--PERSONAL NAME
Personal name Kouamé, Loukou Médard
Relator term author
700 10 - ADDED ENTRY--PERSONAL NAME
Personal name Guégué, Liali Serge Fulgence
Relator term author
700 10 - ADDED ENTRY--PERSONAL NAME
Personal name Drissa, Koné
Relator term author
700 10 - ADDED ENTRY--PERSONAL NAME
Personal name Delafosse, Roger Charles Joseph
Relator term author
786 0# - DATA SOURCE ENTRY
Note Psy Cause | 63 | 2 | 2013-01-15 | p. 38-43 | 1245-2394
856 41 - ELECTRONIC LOCATION AND ACCESS
Uniform Resource Identifier <a href="https://shs.cairn.info/revue-psy-cause-2013-2-page-38?lang=fr&redirect-ssocas=7080">https://shs.cairn.info/revue-psy-cause-2013-2-page-38?lang=fr&redirect-ssocas=7080</a>

Pas d'exemplaire disponible.

PLUDOC

PLUDOC est la plateforme unique et centralisée de gestion des bibliothèques physiques et numériques de Guinée administré par le CEDUST. Elle est la plus grande base de données de ressources documentaires pour les Étudiants, Enseignants chercheurs et Chercheurs de Guinée.

Adresse

627 919 101/664 919 101

25 boulevard du commerce
Kaloum, Conakry, Guinée

Réseaux sociaux

Powered by Netsen Group @ 2025